[Event "Antofagasta Zicosur op 4th"]
[Site "Antofagasta"]
[Date "2019.01.07"]
[Round "5"]
[White "Diaz Diaz, Victor"]
[Black "Montero Martinez, Cristian"]
[Result "0-1"]
[WhiteElo "1751"]
[BlackElo "2104"]
[PlyCount "85"]
[EventDate "2019.01.04"]
[EventType "swiss"]
[EventRounds "10"]
[EventCountry "CHI"]
[SourceTitle "CBM 190 Extra"]
[Source "ChessBase"]
[SourceDate "2019.07.15"]
[SourceVersion "1"]
[SourceVersionDate "2019.07.15"]
[SourceQuality "1"]

1. e4 e6 2. d4 d5 3. Nc3 Bb4 4. Nge2 dxe4 5. a3 Bxc3+ 6. Nxc3 f5 7. f3 exf3 8. Qxf3 Nf6 9. Bg5 h6 10. Qh3 0-0 11. Bxh6 gxh6 12. Qxh6 Qe7 13. 0-0-0 Qg7 14. Qf4 Ne8 15. h4 Kh7 16. Kb1 Qh6 17. Qf3 Nc6 18. g4 fxg4 19. Bd3+ Kh8 20. Qxg4 Rg8 21. Qe4 Nd6 22. Qe2 Bd7 23. Rdg1 Rxg1+ 24. Rxg1 Rg8 25. Rxg8+ Kxg8 26. d5 Ne7 27. dxe6 Bxe6 28. Ne4 Qxh4 29. Qg2+ Kh8 30. b3 Nxe4 31. Bxe4 c6 32. Qf3 Kg7 33. Qc3+ Qf6 34. Qg3+ Kf7 35. Bd3 Qd4 36. Qf3+ Ke8 37. Qh5+ Kd7 38. Qh7 b5 39. Qh2 Qd6 40. Qf2 Qxa3 41. Qd4+ Kc7 42. Qe5+ Qd6 43. Qe3 0-1

[Event "Antofagasta"]
[Site "Antofagasta"]
[Date "2016.05.22"]
[Round "6"]
[White "Jorquera Castillo, Gabriel"]
[Black "Diaz Diaz, Victor"]
[Result "1-0"]
[WhiteElo "1927"]
[BlackElo "1991"]
[PlyCount "41"]
[EventDate "2016.05.19"]
[EventType "tourn"]
[EventRounds "7"]
[EventCountry "CHI"]
[SourceTitle "EXT 2024"]
[Source "ChessBase"]
[SourceDate "2023.10.10"]
[SourceVersion "1"]
[SourceVersionDate "2023.10.10"]
[SourceQuality "1"]

1. e4 c5 2. Nf3 d6 3. d4 cxd4 4. Nxd4 Nf6 5. Nc3 g6 6. Be3 Bg7 7. Be2 0-0 8. 0-0 Nc6 9. Nb3 a6 10. a4 a5 11. f4 Nb4 12. h3 e5 13. Qd2 exf4 14. Bxf4 d5 15. Rad1 Re8 16. e5 Nd7 17. Nxd5 Nxd5 18. Qxd5 Qb6+ 19. Kh1 Nf8 20. Bb5 Be6 21. Qd6 1-0